000 00715nam a2200277Ia 4500
001 9468
005 20240113234209.0
007 ta
008 050726s a g b000 u asm u
020 _cHB
040 _aCotton College,Assam
041 _aasm
082 _a891.41
_bCh 349 Al
100 _aChakraborty, A.K. .
245 0 _aAlankar, Dhwani Aru Chanda /
_cA.K. Chakraborty.
_hTextual Documents
250 _a1st ed. /
260 _aGuwahati :
_bBina Library ,
_cnd.
300 _a180p. :
_bill. ;
_c22cm .
504 _aIndex
653 _aAssamese Literature
653 _aAssamese Language
653 _aMS-Assamese
942 _2ddc
_cBK
999 _c9455
_d9455